000 00629nam a22002057a 4500
003 BUBTL
008 160125b xxu||||| |||| 00| 0 eng d
020 _a9781259098598
082 _222
_a621.31924/ Al261f/ 2013
100 _9238
_aAlexander,Charles K.
245 _aFundamentals Of Electric Circuits /
_cCharles K.Alexander, Matthew N.O.Sadiku
250 _a5th ed.
260 _aNew Delhi :
_bMcGraw Hill,
_cc2013.
300 _axxii,905 p. :
_bill. ;
_c24 cm.
650 0 _9239
_aEEE
700 _9322
_aSadiku, Matthew N. O.
856 _k0
_l0
_yDownload
942 _2ddc
_cBK
999 _c5111
_d5111